Piłkarz do kraju - Statystyki

Ogólne statystyki
  • Ten quiz został rozwiązany 3 243 razy
  • Średni wynik to 12 z 15
Statystyki odpowiedzi
Piłkarz Kraj % Poprawnych
Robert Lewandowski Polska
100%
Gerard Piqué Hiszpania
90%
Raphaël Varane Francja
89%
Sergio Aguero Argentyna
88%
Francesco Totti Wlochy
88%
Roberto Firmino Brazylia
87%
Maya Yoshida Japonia
82%
John Stones Wielka Brytania
81%
Igor Akinfiejew Rosja
80%
Dries Mertens Belgia
79%
Jari Litmanen Finlandia
76%
Karel Poborský Czechy
74%
Ferenc Puskás Wegry
71%
Aleksandar Kolarov Serbia
67%
Ola Toivonen Szwecja
52%
Nie znaleziono quizów pasujących do podanych kryteriów
Rozkład punktacji
Procent ludzi z każdym wynikiem
Percentyl według liczby udzielonych odpowiedzi
Twoja historia wyników
Nie rozwiązałeś tego quizu